000 00748cam a2200253 4500
008 090401t1992 xxu||||| |||| 00| 0 eng d
020 _a0632032952
035 _a(Sirsi) u10662
041 _aeng
050 _a692.8
100 _aEggleston, Brian
245 _aLiquidated damages and extensions of time in construction contracts
260 _aLondon
_bBlackwell Scientific Publications
_c1992
300 _axiv, 306p. ; 24cm.
350 _a35
650 _aBUILT ENVIRONMENT-BUILDING CONTRACT FORMS
650 _aDAMAGES
650 _aEXTENSION OF TIME
650 _aLIQUIDATED DAMAGES
650 _aSTANDARD FORM OF BUILDING CONTRACT
690 _aBUILT ENVIRONMENT-BUILDING CONTRACT FORMS
942 _n0
948 _c04/03/1997
999 _c86764
_d86764